[Event "Balatonbereny op"]
[Site "Balatonbereny"]
[Date "1997.??.??"]
[Round "7"]
[White "Gottschlich, Carsten"]
[Black "Naumann, Frank"]
[Result "0-1"]
[WhiteElo "2225"]
[BlackElo "2280"]
[PlyCount "86"]
[EventDate "1997.??.??"]
[EventType "swiss"]
[EventRounds "9"]
[EventCountry "HUN"]
[SourceTitle "EXT 2001"]
[Source "ChessBase"]
[SourceDate "2000.11.22"]
[SourceVersion "1"]
[SourceVersionDate "2000.11.22"]
[SourceQuality "1"]

1. d4 d5 2. c4 dxc4 3. Nf3 Nf6 4. e3 e6 5. Bxc4 c5 6. Nc3 a6 7. 0-0 b5 8. Bd3 Bb7 9. e4 cxd4 10. Nxd4 Nbd7 11. Bg5 Be7 12. Qe2 b4 13. Na4 Qa5 14. e5 Nd5 15. Bxe7 Kxe7 16. Bc2 Nf4 17. Qd2 Qd5 18. Qxb4+ Ke8 19. Nf3 Ne2+ 20. Kh1 Qxf3 21. Rg1 Rb8 22. Qd2 Qxf2 23. Rad1 Rd8 24. Nc3 Ng3+ 25. hxg3 Qxd2 26. Rxd2 Nxe5 27. Rgd1 Ke7 28. Na4 Nc4 29. Rd4 Ne3 30. Rxd8 Rxd8 31. Rxd8 Kxd8 32. Bd3 Bxg2+ 33. Kg1 Bd5 34. a3 Bc4 35. Bxh7 g6 36. Nc5 Ng4 37. b3 Bd5 38. Bg8 Ke7 39. b4 Bc4 40. Nb7 Bb5 41. Nc5 Nf6 42. a4 Bc4 43. b5 axb5 0-1

[Event "Wichern op 4th"]
[Site "Hamburg"]
[Date "1997.??.??"]
[Round "7"]
[White "Naumann, Frank"]
[Black "Breyther, Ruediger"]
[Result "1-0"]
[WhiteElo "2265"]
[BlackElo "2395"]
[PlyCount "53"]
[EventDate "1997.10.??"]
[EventType "swiss"]
[EventRounds "9"]
[EventCountry "GER"]
[SourceTitle "EXT 1998"]
[Source "ChessBase"]
[SourceDate "1997.11.17"]
[SourceVersion "1"]
[SourceVersionDate "1997.11.17"]
[SourceQuality "1"]

1. Nf3 Nf6 2. c4 e6 3. g3 d5 4. Bg2 dxc4 5. Qa4+ Nbd7 6. 0-0 a6 7. Qxc4 c5 8. a4 Bd6 9. Nc3 0-0 10. a5 Bc7 11. b4 cxb4 12. Qxb4 Nb8 13. Nd4 e5 14. Nb3 Nc6 15. Qa3 Bd6 16. Qb2 Be6 17. d3 e4 18. Be3 exd3 19. exd3 Nb4 20. Rfd1 Qe7 21. Ne4 Nxe4 22. dxe4 Rfe8 23. e5 Bxb3 24. exd6 Qe6 25. Rd2 Nc6 26. d7 Red8 27. Bb6 1-0

[Event "Balatonbereny op"]
[Site "Balatonbereny"]
[Date "1997.??.??"]
[Round "6"]
[White "Naumann, Frank"]
[Black "Csernovics, Gabor"]
[Result "1-0"]
[WhiteElo "2280"]
[BlackElo "2180"]
[PlyCount "83"]
[EventDate "1997.??.??"]
[EventType "swiss"]
[EventRounds "9"]
[EventCountry "HUN"]
[SourceTitle "EXT 2001"]
[Source "ChessBase"]
[SourceDate "2000.11.22"]
[SourceVersion "1"]
[SourceVersionDate "2000.11.22"]
[SourceQuality "1"]

1. d4 Nf6 2. c4 Nc6 3. Nf3 e6 4. g3 Bb4+ 5. Nc3 Bxc3+ 6. bxc3 d5 7. Bg2 0-0 8. 0-0 a6 9. cxd5 exd5 10. Bg5 h6 11. Bxf6 Qxf6 12. Qb3 Qd6 13. Nd2 Be6 14. Qc2 Qd7 15. Rfe1 Ne7 16. e4 c6 17. Rad1 b5 18. Nb3 Rfe8 19. Nc5 Qc8 20. Nxe6 fxe6 21. Bh3 Ra7 22. f3 Kf7 23. Rd2 Ng6 24. Rde2 Nf8 25. f4 Rae7 26. Qb3 Qd8 27. Qa3 a5 28. Qc5 Qc7 29. Qa3 a4 30. Qb4 Qd8 31. Bg4 Qc7 32. Bh5+ g6 33. Bf3 Nh7 34. h4 Nf6 35. e5 Nh5 36. Bxh5 gxh5 37. Qb1 Kg7 38. f5 exf5 39. Qxf5 Qd7 40. Qxh5 Qh3 41. Rh2 Qe6 42. Rf1 1-0

[Event "Wichern op 4th"]
[Site "Hamburg"]
[Date "1997.??.??"]
[Round "9"]
[White "Naumann, Frank"]
[Black "Ftacnik, Lubomir"]
[Result "0-1"]
[WhiteElo "2265"]
[BlackElo "2585"]
[PlyCount "37"]
[EventDate "1997.10.??"]
[EventType "swiss"]
[EventRounds "9"]
[EventCountry "GER"]
[SourceTitle "EXT 1998"]
[Source "ChessBase"]
[SourceDate "1997.11.17"]
[SourceVersion "1"]
[SourceVersionDate "1997.11.17"]
[SourceQuality "1"]

1. Nf3 Nf6 2. c4 e6 3. g3 b6 4. Bg2 Bb7 5. 0-0 c5 6. Nc3 Be7 7. d4 cxd4 8. Qxd4 d6 9. Rd1 a6 10. b3 Nbd7 11. e4 Qb8 12. Ba3 Nc5 13. e5 dxe5 14. Qxe5 Qa7 15. Na4 Ncd7 16. Qb2 Bxa3 17. Qxa3 b5 18. Nb2 Ne4 19. cxb5 0-1

[Event "Balatonbereny op"]
[Site "Balatonbereny"]
[Date "1997.??.??"]
[Round "8"]
[White "Naumann, Frank"]
[Black "Ruck, Robert"]
[Result "0-1"]
[WhiteElo "2280"]
[BlackElo "2450"]
[PlyCount "146"]
[EventDate "1997.??.??"]
[EventType "swiss"]
[EventRounds "9"]
[EventCountry "HUN"]
[SourceTitle "EXT 2001"]
[Source "ChessBase"]
[SourceDate "2000.11.22"]
[SourceVersion "1"]
[SourceVersionDate "2000.11.22"]
[SourceQuality "1"]

1. d4 d6 2. Nf3 Bg4 3. c4 Nd7 4. Nc3 e5 5. e4 Be7 6. Be2 Bxf3 7. Bxf3 Bg5 8. Bg4 Bxc1 9. Bxd7+ Qxd7 10. Rxc1 Ne7 11. dxe5 dxe5 12. Qxd7+ Kxd7 13. Rd1+ Kc8 14. Ke2 c6 15. g3 Kc7 16. f4 Rhe8 17. f5 Ng8 18. Rd2 Nf6 19. Rhd1 Re7 20. b3 h5 21. h3 Nd7 22. Ke3 Rg8 23. Rf2 f6 24. Rg1 a6 25. g4 hxg4 26. Rxg4 Rh8 27. Rf3 Nc5 28. Rfg3 Rh7 29. b4 Nd7 30. c5 a5 31. a3 axb4 32. axb4 b6 33. cxb6+ Nxb6 34. b5 c5 35. h4 c4 36. Rg1 Rd7 37. Ke2 Kd6 38. Rc1 Kc5 39. Nd5 Rb7 40. Ke3 Nxd5+ 41. exd5 Rxb5 42. Rcxc4+ Kxd5 43. Rc7 Rb3+ 44. Ke2 Kd6 45. Ra7 Rh3 46. Ra6+ Kc5 47. Ra5+ Kb6 48. Rga4 Rb3 49. Ra8 Kb5 50. Ra1 Kc6 51. Rc1+ Kd5 52. Ra4 Rh5 53. Rd1+ Kc5 54. Rc1+ Kb6 55. Rc8 Kb7 56. Rg8 Rxf5 57. Rxg7+ Kc6 58. Ra6+ Rb6 59. Rxb6+ Kxb6 60. Rg6 Kc6 61. h5 Kd5 62. h6 Ke6 63. h7 Rh5 64. Rg7 f5 65. Ra7 Kf6 66. Ra6+ Kg5 67. Ra7 Kg6 68. Ra5 e4 69. Ra6+ Kxh7 70. Ke3 Rh6 71. Ra5 Kg6 72. Kf4 Rh4+ 73. Ke5 e3 0-1

[Event "Balatonbereny op"]
[Site "Balatonbereny"]
[Date "1997.??.??"]
[Round "2"]
[White "Naumann, Frank"]
[Black "Wolske, Guido"]
[Result "1/2-1/2"]
[WhiteElo "2280"]
[BlackElo "2120"]
[PlyCount "108"]
[EventDate "1997.??.??"]
[EventType "swiss"]
[EventRounds "9"]
[EventCountry "HUN"]
[SourceTitle "EXT 2001"]
[Source "ChessBase"]
[SourceDate "2000.11.22"]
[SourceVersion "1"]
[SourceVersionDate "2000.11.22"]
[SourceQuality "1"]

1. d4 Nf6 2. Nf3 e6 3. c4 Bb4+ 4. Nc3 c5 5. g3 Nc6 6. dxc5 Ne4 7. Qd3 Qa5 8. Qxe4 Bxc3+ 9. Bd2 Bxd2+ 10. Nxd2 Qxc5 11. Bg2 0-0 12. 0-0 b6 13. a3 Bb7 14. b4 Qe7 15. Qe3 Rfd8 16. Rac1 d6 17. f4 Rac8 18. f5 Rc7 19. fxe6 Qxe6 20. Qxe6 fxe6 21. Nf3 h6 22. Rfd1 Kf7 23. Bh3 Ke7 24. Rf1 g5 25. Bg4 Rf8 26. Rfd1 Rh8 27. Bh3 Rg8 28. Bg4 Rh8 29. b5 Na5 30. Nd4 Bc8 31. Rc3 e5 32. Nf5+ Bxf5 33. Bxf5 Rxc4 34. Rdc1 d5 35. e4 Rxc3 36. Rxc3 dxe4 37. Rc7+ Kf6 38. Bxe4 Rd8 39. Rxa7 Rd4 40. Bc6 Ra4 41. Ra6 Rxa3 42. Rxb6 Nxc6 43. Rxc6+ Kf5 44. Rxh6 Rb3 45. b6 g4 46. Kf2 Ke4 47. Ke2 Rb2+ 48. Kd1 Ke3 49. Kc1 Rb4 50. Kc2 e4 51. Rg6 Kf3 52. Kc3 Rb1 53. Rf6+ Kg2 54. Kd4 Kxh2 1/2-1/2

[Event "Balatonbereny op"]
[Site "Balatonbereny"]
[Date "1997.??.??"]
[Round "3"]
[White "Obran, Harald"]
[Black "Naumann, Frank"]
[Result "0-1"]
[WhiteElo "2190"]
[BlackElo "2280"]
[PlyCount "69"]
[EventDate "1997.??.??"]
[EventType "swiss"]
[EventRounds "9"]
[EventCountry "HUN"]
[SourceTitle "EXT 2001"]
[Source "ChessBase"]
[SourceDate "2000.11.22"]
[SourceVersion "1"]
[SourceVersionDate "2000.11.22"]
[SourceQuality "1"]

1. d4 d5 2. Nc3 Nf6 3. Bg5 Nbd7 4. e3 e6 5. Nf3 c5 6. Bb5 Be7 7. 0-0 0-0 8. Re1 h6 9. Bxd7 Bxd7 10. Bxf6 Bxf6 11. e4 cxd4 12. Nxd4 e5 13. Nde2 dxe4 14. Ng3 Bc6 15. Qh5 g6 16. Qe2 Bg7 17. Ncxe4 Qb6 18. c3 Rad8 19. c4 f5 20. Nc3 Rd4 21. Nd5 Bxd5 22. cxd5 Rd8 23. Qc2 R4xd5 24. h4 Rd2 25. Qc4+ Kh8 26. Rf1 h5 27. Rac1 Rxb2 28. Nxh5 gxh5 29. Qf7 Rf8 30. Qxh5+ Qh6 31. Qd1 Qxh4 32. g3 Qg4 33. Qd7 e4 34. Rfe1 Qf3 35. Re3 0-1